| 000 | 00645nam a22002051a 4500 | ||
|---|---|---|---|
| 001 | 10639 | ||
| 003 | OSt | ||
| 005 | 20260204212206.0 | ||
| 008 | 100122s2003||||ck ||||||b||||||||||spa|| | ||
| 020 | _a9586483398 | ||
| 050 | _a362.11 A86a | ||
| 100 | _aAlvarez Heredia, Francisco | ||
| 245 | _aCalidad y auditoria en salud / Francisco Alvarez Heredia | ||
| 264 | _aColombia : Ecoe | ||
| 300 | _a321 p | ||
| 490 | _aColección textos universitarios, Area: Ciencias médicas | ||
| 500 | _aIncluye bibliografía | ||
| 650 | _aAuditoria en Salud 2.Calidad de los Servicios de Salud 3.Administración de Servicios de SaludÌ | ||
| 942 |
_2ddc _cBK |
||
| 999 |
_c10639 _d10639 |
||